Illinois courtrooms 1972 /

Bibliographic Details
Main Author: Bohn, William G.
Corporate Author: Illinois. Supreme Court. Committee on Criminal Justice Programs
Other Authors: Carlson, Jan E.
Format: Book
Language:English
Published: Chicago, Ill. : The Illinois Supreme Court Committee on Criminal Justice Programs, 1973.
Subjects:

MARC

Tag First Indicator Second Indicator Subfields
LEADER 00000cam a2200000ua 4500
001 in00001498024
005 20151021073709.0
008 800806s1973 iluab s000 0 eng d
035 |a (OCoLC)13874180 
035 |9 AJH6433AM 
040 |a CGU  |c CGU  |d TXA  |d UtOrBLW 
043 |a n-us-il 
049 |a TXAM 
090 |a NA4472.I3  |b B64 1973 
100 1 |a Bohn, William G. 
245 1 0 |a Illinois courtrooms 1972 /  |c William G. Bohn ; [assisted by Jan E. Carlson]. 
264 1 |a Chicago, Ill. :  |b The Illinois Supreme Court Committee on Criminal Justice Programs,  |c 1973. 
300 |a 1 volume (various pagings) :  |b illustrations, map ;  |c 28 cm. 
336 |a text  |b txt  |2 rdacontent 
337 |a unmediated  |b n  |2 rdamedia 
338 |a volume  |b nc  |2 rdacarrier 
500 |a "September 1973." 
610 1 0 |a Illinois.  |b Circuit Court.  |x Buildings. 
650 0 |a Courthouses  |z Illinois. 
650 0 |a Courts  |z Illinois. 
700 1 |a Carlson, Jan E. 
710 1 |a Illinois.  |b Supreme Court.  |b Committee on Criminal Justice Programs. 
948 |a c:jal 
999 |a MARS 
999 f f |s c82ccec5-f09c-3840-96d6-0d337963bc20  |i 0a5b1495-93f2-3959-9b0d-a3ebdff04cdc  |t 0 
952 f f |p ric  |a Texas A&M University  |b Rellis Campus  |c Joint Library Facility  |d Remote Storage  |t 0  |e NA4472.I3 B64 1973  |h Library of Congress classification  |i unmediated -- volume  |m A14850238495 
998 f f |a NA4472.I3 B64 1973  |t 0  |l Remote Storage